000 00464nam a2200145 a 4500
008 120416s9999 ||||||||||||||||| || u
050 _aHB 171.5 Lan
100 _aLancaster, Kelvin
245 1 0 _aModern economics
246 _aprinciples and policy
250 _a2nd ed.
260 _a[1979]
350 _a0.00
995 _D0.00
_FCBU-MAIN LIBRARY (Kitwe)
_H1
_I0.00
_M1
_UDAMAGED
_ZMain Library Open Access Collection
999 _c51448
_d51448